• 首页
  • 本馆介绍
  • 公告通知
  • 最新文献
  • 馆藏检索
  • 电子资源
  • 读者导购
  • 参考咨询
  • 我的图书馆
  • 登录
  • 详细信息显示
  • 放入我的书架
  • 预约/预借图书
  • 作者相关作品
  • 分类相关作品
  • 丛书相关作品
  • 出版社相关作品

书目信息

  • 表格格式
  • 工作单格式
  • 卡片格式
题名:
过敏性疾病
    
 
作者: 乔秉善 编著
分册:  
出版信息: 北京   农村读物出版社  2000
页数: 125页
开本: 18cm
丛书名: 人民卫生文库
单 册:
中图分类: R593.1
科图分类:
主题词: 变态反应病--诊疗 , 变态反应病
电子资源:
ISBN: 7-5048-3248-0
000 01125oam2 2200289 45
001 0120055081515
005 20070110162137.65
010    @a7-5048-3248-0@dCNY6.10
092    @aCN@b24158
100    @a20050815d2000 em y0chiy0120 ea
101 0  @achi
102    @aCN@b110000
105    @aa z 000yy
200 1  @a过敏性疾病@Aguo min xing ji bing@f乔秉善编著@Fqiao bing shan bian zhu
210    @a北京@c农村读物出版社@d2000
215    @a125页@c图@d18cm
225 2  @a人民卫生文库@i名医说病
314    @a乔秉善,北京协和医院副教授,中华微生物免疫学会变态反应学组委员,中国菌物学会会员,著作有《变态反应实验技术》、《中国致敏空气真菌学》等
320    @a有书目
330    @a本书介绍了过敏性疾病概况,花粉症及主要种类,真菌过敏及主要种类,螨过敏及主要种类,昆虫过敏的主要类型及防治,食物变态反应及主要种类,尘类变态反应,过敏性皮肤病,药物过敏,其他过敏性疾病,特异性脱敏疗法等内容。
461  0 @12001 @a人民卫生文库@i名医说病
606 0  @a变态反应病@x诊疗
606 0  @a变态反应病
690    @aR593.1@v4
701  0 @a乔秉善@Aqiao bing shan@4编著
801  0 @aCN@bLZJBOOK@c20070110
905    @a10447@dR593.1@e90
    
    过敏性疾病/乔秉善编著.-北京:农村读物出版社,2000
    125页:图;18cm.-(人民卫生文库.名医说病)
    
    
    ISBN 7-5048-3248-0:CNY6.10
    本书介绍了过敏性疾病概况,花粉症及主要种类,真菌过敏及主要种类,螨过敏及主要种类,昆虫过敏的主要类型及防治,食物变态反应及主要种类,尘类变态反应,过敏性皮肤病,药物过敏,其他过敏性疾病,特异性脱敏疗法等内容。
●
相关链接 在E读中查询图书 在五车中查询图书 在当当中查询图书 在豆瓣中查询图书


正题名:过敏性疾病     索取号:R593.1/90         预约/预借

序号 登录号 条形码 馆藏地/架位号 状态 备注
1 0556649   205566494   第二样本阅览室/ [索取号:R593.1/90] 在馆    
2 0556650   205566500   第三借阅区/ [索取号:R593.1/90] 在馆    
3 0556651   205566519   第三借阅区/ [索取号:R593.1/90] 在馆    
4 0556652   205566528   第三借阅区/ [索取号:R593.1/90] 在馆    
5 0556653   205566537   第三借阅区/ [索取号:R593.1/90] 在馆    
6 0556654   205566546   第三借阅区/ [索取号:R593.1/90] 在馆    
7 0556655   205566555   第三借阅区/ [索取号:R593.1/90] 在馆    
8 0556656   205566564   第三借阅区/ [索取号:R593.1/90] 在馆    
唐山师范学院图书馆 欢迎您!
大连网信软件有限公司© 版权所有